[Event "Moscow Victory Day-C"]
[Site "Moscow"]
[Date "2011.05.13"]
[Round "4"]
[White "Komliakov, Viktor"]
[Black "Zizlova, Sofia"]
[Result "1/2-1/2"]
[WhiteElo "2428"]
[BlackElo "2149"]
[PlyCount "60"]
[EventDate "2011.05.10"]
[EventType "tourn"]
[EventRounds "13"]
[EventCountry "RUS"]
[EventCategory "2"]
[SourceTitle "EXT 2012"]
[Source "ChessBase"]
[SourceDate "2011.11.24"]
[SourceVersion "1"]
[SourceVersionDate "2011.11.24"]
[SourceQuality "1"]

1. e4 c5 2. Nf3 d6 3. Bb5+ Nd7 4. d4 Ngf6 5. 0-0 cxd4 6. Qxd4 e5 7. Qd3 Be7 8. c4 a6 9. Bxd7+ Bxd7 10. Bg5 Be6 11. Nc3 Rc8 12. b3 Qa5 13. a4 0-0 14. Rfc1 Rfd8 15. Rab1 Rd7 16. h3 h6 17. Bd2 Qd8 18. Be3 Nh5 19. Nd5 Bxd5 20. cxd5 Rdc7 21. Rxc7 Qxc7 22. Rc1 Qd7 23. Rc4 Rxc4 24. Qxc4 Bd8 25. b4 f5 26. exf5 Qxf5 27. b5 a5 28. Nd2 Nf6 29. g4 Qd7 30. Ne4 Nxg4 1/2-1/2

[Event "Frydek Mistek GM"]
[Site "Frydek Mistek"]
[Date "2011.04.24"]
[Round "8"]
[White "Komliakov, Viktor"]
[Black "Kanovsky, David"]
[Result "1-0"]
[WhiteElo "2424"]
[BlackElo "2480"]
[PlyCount "101"]
[EventDate "2011.04.18"]
[EventType "tourn"]
[EventRounds "9"]
[EventCountry "CZE"]
[EventCategory "7"]
[SourceTitle "CBM 142 Extra"]
[Source "ChessBase"]
[SourceDate "2011.06.27"]
[SourceVersion "1"]
[SourceVersionDate "2011.06.27"]
[SourceQuality "1"]

1. e4 c5 2. Nf3 e6 3. c4 Nc6 4. Nc3 Nd4 5. Nxd4 cxd4 6. Ne2 Nf6 7. d3 d5 8. Nxd4 Qb6 9. Nc2 dxe4 10. Be3 Qxb2 11. Bd4 Bb4+ 12. Ke2 Bc3 13. Rb1 exd3+ 14. Kxd3 Bxd4 15. Rxb2 Bxb2 16. Ne3 0-0 17. Kc2 Be5 18. Ng4 Nxg4 19. Qxg4 Bd7 20. Bd3 g6 21. Qe4 Bg7 22. Qxb7 Rfd8 23. Qa6 Bd4 24. f4 Rac8 25. Be4 Bb6 26. Rd1 Rc5 27. Rd3 Kg7 28. Kd1 f5 29. Bf3 Bb5 30. Qa3 Rxd3+ 31. Qxd3 Rxc4 32. Qa3 Kf7 33. Ke1 Rxf4 34. Qb2 Bc4 35. Qh8 Rh4 36. h3 Bxa2 37. Bc6 Ke7 38. Qg7+ Kd6 39. Qd7+ Ke5 40. Qg7+ Kf4 41. Qf6 Rh5 42. Bf3 Rg5 43. Qc3 Bd5 44. Qc1+ Be3 45. Qc7+ e5 46. Bxd5 h5 47. Bf3 h4 48. Ke2 Rg3 49. Qe7 g5 50. Qb4+ e4 51. Qb8# 1-0

[Event "Moscow-chT"]
[Site "Moscow"]
[Date "2010.12.11"]
[Round "3"]
[White "Komliakov, Viktor"]
[Black "Grachev, Boris V"]
[Result "0-1"]
[WhiteElo "2427"]
[BlackElo "2654"]
[PlyCount "84"]
[EventDate "2010.11.20"]
[EventType "team-tourn"]
[EventRounds "7"]
[EventCountry "RUS"]
[SourceTitle "CBM 139 Extra"]
[Source "ChessBase"]
[SourceDate "2011.01.05"]
[SourceVersion "1"]
[SourceVersionDate "2011.01.05"]
[SourceQuality "1"]
[WhiteTeam "RGSU"]
[BlackTeam "Palace"]
[WhiteTeamCountry "RUS"]
[BlackTeamCountry "RUS"]

1. e4 c5 2. Nf3 e6 3. c4 Nc6 4. Nc3 Nge7 5. d4 Nxd4 6. Nxd4 cxd4 7. Qxd4 Nc6 8. Qd2 Bc5 9. Be2 0-0 10. 0-0 b6 11. a3 a5 12. b3 Bb7 13. Bb2 Qe7 14. Na4 e5 15. Nxc5 bxc5 16. Bd3 a4 17. b4 cxb4 18. axb4 Qxb4 19. Qc1 Qd6 20. Rd1 Rfc8 21. c5 Qe7 22. Qe3 Ra5 23. Bc4 Nd4 24. Bxd4 exd4 25. Qxd4 Raxc5 26. Rxa4 Bc6 27. Rb4 Re5 28. Bd3 g5 29. f3 d5 30. Ba6 Re8 31. Rb6 Ba8 32. Bb5 Rf8 33. Bc6 dxe4 34. fxe4 Bxc6 35. Rxc6 Rxe4 36. Qf2 Re8 37. Rc2 Rf4 38. Qg3 h6 39. h3 Qa7+ 40. Kh2 Re3 41. Rc8+ Kg7 42. Ra1 Qe7 0-1

[Event "Moscow-chT"]
[Site "Moscow"]
[Date "2010.11.24"]
[Round "2"]
[White "Dvalishvili, Pavel S"]
[Black "Komliakov, Viktor"]
[Result "1/2-1/2"]
[WhiteElo "2431"]
[BlackElo "2427"]
[PlyCount "124"]
[EventDate "2010.11.20"]
[EventType "team-tourn"]
[EventRounds "7"]
[EventCountry "RUS"]
[SourceTitle "CBM 139 Extra"]
[Source "ChessBase"]
[SourceDate "2011.01.05"]
[SourceVersion "1"]
[SourceVersionDate "2011.01.05"]
[SourceQuality "1"]
[WhiteTeam "Sketch Contact"]
[BlackTeam "RGSU"]
[WhiteTeamCountry "RUS"]
[BlackTeamCountry "RUS"]

1. e4 g6 2. Nc3 c6 3. d4 d5 4. h3 Bg7 5. Nf3 dxe4 6. Nxe4 Nd7 7. Bc4 Ngf6 8. Nxf6+ Nxf6 9. 0-0 0-0 10. Re1 c5 11. c3 cxd4 12. Nxd4 Qc7 13. Qb3 a6 14. a4 Ne8 15. Bg5 Nd6 16. Bd5 e6 17. Bf3 e5 18. Nc2 h6 19. Be3 Nc4 20. Rad1 Nxe3 21. Nxe3 Rb8 22. Nd5 Be6 23. Qb6 Qxb6 24. Nxb6 Rfd8 25. a5 f5 26. Rxd8+ Rxd8 27. Bxb7 Rd2 28. Bxa6 Rxb2 29. Bc4 Bxc4 30. Nxc4 Ra2 31. Nxe5 Rxa5 32. Nxg6 Bxc3 33. Rd1 Kf7 34. Nh4 Bf6 35. Nf3 Rb5 36. Rd7+ Kg6 37. g3 h5 38. Kg2 Rb4 39. Rd6 Kf7 40. Nh2 h4 41. g4 fxg4 42. Nxg4 Bg7 43. Kf3 Ra4 44. Rc6 Rb4 45. Ne3 Be5 46. Nc4 Bb8 47. Kg4 Ke7 48. f4 Rb1 49. Rb6 Rg1+ 50. Kf5 Bxf4 51. Rb7+ Kd8 52. Kxf4 Rg3 53. Ke5 Rxh3 54. Ke6 Rh1 55. Nb6 Re1+ 56. Kd6 Ke8 57. Nc4 Kf8 58. Ne5 h3 59. Rh7 Ra1 60. Nd7+ Kg8 61. Nf6+ Kf8 62. Ke6 Re1+ 1/2-1/2